Statistics for States That Start With M

Click here to take the quiz!

General Stats

  • This quiz has been taken 62 times
  • The average score is 6 of 8

Answer Stats

Total Area (Sq Miles)State% Correct
35,379.74Maine
85%
96,713.51Michigan
85%
48,431.78Mississippi
85%
69,706.99Missouri
85%
147,039.71Montana
83%
10,554.39Massachusetts
78%
12,405.93Maryland
75%
86,935.83Minnesota
72%

Score Distribution

Percentile by Number Answered

Percent of People with Each Score

Your Score History

You have not taken this quiz